000 01128nam a2200229Ia 4500
003 Ost
005 20260507075047.0
008 260507s9999||||xx |||||||||||||| ||und||
040 _cfsecg
041 _aara
082 _a600
100 _aالبديوي، منصور
_eمؤلف
245 0 _aفي المحاسبة الضريبية :
_bالضريبة الموحدة على إيرادات القيم المنقولة وعلى المرتبات وما في حكمها والضريبة على أرباح شركات الأموال /
_c منصور البديوي
260 _aالإسكندرية:
_bالمكتب الجامعي الحديث,
_c2006
300 _a377 صفحة؛
_bإيضاحات ؛
_c24 سم
520 _aالضريبة الموحدة على إيرادات رؤوس الأموال المنقولة-الضريبة الموحدة على المرتبات-الضريبة الموحدة على أرباح شركات الأموال
653 _aالضرائب
653 _aالضرائب- محاسبة
653 _aمحاسبة
700 _aالبابلي، محمد
_eمؤلف ثانوي
942 _cكتاب
999 _c42591
_d42591